00338nam a22001097a 4500008004100000020001700041082001800058100002900076245006800105260004400173300001100217230602b xxu||||| |||| 00| 0 eng d a978996609290 a230.6762bMUL cRev. Vincent Mboya Mulwa achristianity at the crossroadsbbetween a rock and a hard place anairobi, kenyabDelmon General Agencies ax,191p